01305nam a2200313Ia 4500001001200000003000800012006001900020007001500039008004100054010001700095020003600112040002100148035002100169050002600190082001700216100002300233245017500256260003900431300001000470504005100480533015200531650006200683650003100745655002900776700002600805710001700831856012600848999001700974ebr10404221CaPaEBRm u cr cn|||||||||100305s2010 mnu sb 001 0 eng d z 2010006380 z9781936117147 (acid-free paper) aCaPaEBRcCaPaEBR a(OCoLC)71205956114aPN171.F56bB84 2010eb04a808/.0272221 aBugeja, Michael J.10aVanishing acth[electronic resource] :bthe erosion of online footnotes and implications for scholarship in the digital age /cby Michael Bugeja and Daniela V. Dimitrova. aDuluth, MN :bLitwin Books,c2010. a86 p. aIncludes bibliographical references and index. aElectronic reproduction.bPalo Alto, Calif. :cebrary,d2010.nAvailable via World Wide Web.nAccess may be limited to ebrary affiliated libraries. 0aCitation of electronic information resourcesxEvaluation. 0aBibliographical citations. 7aElectronic books.2local1 aDimitrova, Daniela V.2 aebrary, Inc.40uhttp://site.ebrary.com/lib/rucke/Doc?id=10404221zAn electronic book accessible through the World Wide Web; click to view c81706d81706